Pride and prejudice
Kaydedildi:
| Yazar: | |
|---|---|
| Materyal Türü: | Kitap |
| Dil: | Undetermined |
| Baskı/Yayın Bilgisi: |
London
Everyman's Library
1991
|
| Konular: | |
| Etiketler: |
Etiketle
Etiket eklenmemiş, İlk siz ekleyin!
|
| Thư viện lưu trữ: | Trung tâm Học liệu Trường Đại học Cần Thơ |
|---|
| LEADER | 00474nam a2200181Ia 4500 | ||
|---|---|---|---|
| 001 | CTU_27335 | ||
| 008 | 210402s9999 xx 000 0 und d | ||
| 082 | |a 823.7 | ||
| 082 | |b A933 | ||
| 100 | |a Jane Austen | ||
| 245 | 0 | |a Pride and prejudice | |
| 245 | 0 | |c Jane Austen | |
| 260 | |a London | ||
| 260 | |b Everyman's Library | ||
| 260 | |c 1991 | ||
| 650 | |a english fiction - 19th century | ||
| 904 | |i Minh, 981216 | ||
| 980 | |a Trung tâm Học liệu Trường Đại học Cần Thơ | ||